000 00630nam a2200193 i 4500
001 44667
003 ES-MaACL
005 20230906161056.0
007 t|
008 030324s1971 sp ||||1| spa d
245 0 4 _aLas clases sociales en la sociedad capitalista avanzada /
_cNorman Birnbaum... [et al.] ; introducción de Jordi Borja ; [traducción de Marina Curia].
250 _a1ª ed.
260 _a[Barcelona] :
_bPenínsula,
_c[1971]
300 _a214 p. ;
_c19 cm.
700 1 _aBirnbaum, Norman.
_928982
700 1 _aBorja, Jordi.
_930496
700 1 _aCuria, Marina.
_942207
852 _aES-MaACL
_jC-50169
_bR.76372
999 _c44667
_d44667